Statistics for Top 10 Formula One Drivers Starting With 'H'

Click here to take the quiz!

General Stats

  • This quiz has been taken 41 times
  • The average score is 8 of 10

Answer Stats

Lp.NationalityCareerDriver% Correct
1British2007-Lewis Hamilton
100%
2Finnish1991-2001Mika Hakkinen
95%
4British1992-1999Damon Hill
89%
3British1958-1975Graham Hill
89%
8American1958-1966Phil Hill
89%
6New Zealander1965-1974Denny Hulme
81%
5British1973-1979James Hunt
70%
7British1952-1958Mike Hawthorn
70%
9British1989-2000Johnny Herbert
57%
10American1950-1957Sam Hanks
19%

Score Distribution

Percentile by Number Answered

Percent of People with Each Score

Your Score History

You have not taken this quiz